<?xml version="1.0" encoding="UTF-8"?><?xml-stylesheet type="text/xsl" href="static/style.xsl"?><OAI-PMH xmlns="http://www.openarchives.org/OAI/2.0/" xmlns:xsi="http://www.w3.org/2001/XMLSchema-instance" xsi:schemaLocation="http://www.openarchives.org/OAI/2.0/ http://www.openarchives.org/OAI/2.0/OAI-PMH.xsd"><responseDate>2026-04-17T03:34:27Z</responseDate><request verb="GetRecord" identifier="oai:www.recercat.cat:2445/216854" metadataPrefix="marc">https://recercat.cat/oai/request</request><GetRecord><record><header><identifier>oai:recercat.cat:2445/216854</identifier><datestamp>2025-12-05T10:30:23Z</datestamp><setSpec>com_2072_1057</setSpec><setSpec>col_2072_478770</setSpec><setSpec>col_2072_478917</setSpec></header><metadata><record xmlns="http://www.loc.gov/MARC21/slim" xmlns:dcterms="http://purl.org/dc/terms/" xmlns:xsi="http://www.w3.org/2001/XMLSchema-instance" xmlns:doc="http://www.lyncode.com/xoai" xsi:schemaLocation="http://www.loc.gov/MARC21/slim http://www.loc.gov/standards/marcxml/schema/MARC21slim.xsd">
   <leader>00925njm 22002777a 4500</leader>
   <datafield ind2=" " ind1=" " tag="042">
      <subfield code="a">dc</subfield>
   </datafield>
   <datafield ind2=" " ind1=" " tag="720">
      <subfield code="a">Motterle, Livia</subfield>
      <subfield code="e">author</subfield>
   </datafield>
   <datafield ind2=" " ind1=" " tag="260">
      <subfield code="c">2024-11-29T17:15:52Z</subfield>
   </datafield>
   <datafield ind2=" " ind1=" " tag="260">
      <subfield code="c">2024</subfield>
   </datafield>
   <datafield ind2=" " ind1=" " tag="260">
      <subfield code="c">info:eu-repo/date/embargoEnd/2099-01-01</subfield>
   </datafield>
   <datafield ind2=" " ind1=" " tag="520">
      <subfield code="a">Son muchos años – exactamente ocho - que intento habitar el feminismo pro-derechos de las trabajadoras sexuales y de las personas trans, hibridando la teoría feminista y el activismo. Mi desafío, en este sentido, es politizar la investigación o, en otras palabras, comprometerme políticamente desde un punto de vista reflexivo y ético. Haraway me enseño a vivir las relaciones sociales con “un posicionamiento crítico en el espacio social generalizado no homogéneo” (1991/1995: 336) y considerar la subjetividad como algo multidimensional. Butler me estimuló a ver cómo “nuestros cuerpos son arrojados al mundo, expuestos a los demás” en una apertura dialéctica con la sociedad donde la vulnerabilidad “afirma el carácter relacional de nuestra existencia” (Butler, 2014: 49 y 50). Las trabajadoras sexuales con que he colaborado en mis investigaciones, me enseñaron, antes que todo, que, sobre todo en el feminismo, tenemos que escucharnos y considerarnos aliadas. En estos y otros pilares se basan mi investigación y mi activismo.</subfield>
   </datafield>
   <datafield tag="653" ind2=" " ind1=" ">
      <subfield code="a">Feminisme</subfield>
   </datafield>
   <datafield tag="653" ind2=" " ind1=" ">
      <subfield code="a">Prostitució</subfield>
   </datafield>
   <datafield tag="653" ind2=" " ind1=" ">
      <subfield code="a">Dret al treball</subfield>
   </datafield>
   <datafield tag="653" ind2=" " ind1=" ">
      <subfield code="a">Feminism</subfield>
   </datafield>
   <datafield tag="653" ind2=" " ind1=" ">
      <subfield code="a">Prostitution</subfield>
   </datafield>
   <datafield tag="653" ind2=" " ind1=" ">
      <subfield code="a">Right to labor</subfield>
   </datafield>
   <datafield ind2="0" ind1="0" tag="245">
      <subfield code="a">¿Por qué el trabajo sexual es trabajo? Escuchamos a las trabajadoras sexuales (trans)feministas</subfield>
   </datafield>
</record></metadata></record></GetRecord></OAI-PMH>